Guess the 1970s song lyrics #221 - Statistics

General Stats
  • This quiz has been taken 30 times
  • The average score is 77 of 184
Answer Stats
Answer % Correct
I
88%
a
85%
an
85%
and
85%
And
85%
you
85%
the
81%
to
81%
That
73%
for
69%
go
69%
your
69%
in
65%
In
65%
know
65%
love
65%
me
65%
want
65%
are
62%
by
62%
ever
62%
Have
58%
this
58%
You're
58%
Am
54%
am
54%
Is
54%
just
54%
my
54%
not
54%
up
54%
of
50%
only
50%
time
50%
we're
50%
man
46%
good
38%
never
38%
Never
38%
Or
38%
real
38%
really
38%
baby
35%
said
35%
still
35%
wanna
35%
had
31%
heart
31%
our
31%
Say
31%
forever
27%
while
27%
last
23%
leaving
23%
place
23%
Ah
19%
ah
19%
doing
19%
dream
19%
Harmony
19%
harmony
19%
let
19%
Looking
19%
show
19%
thought
19%
any
15%
boat
12%
company
12%
face
12%
feelings
12%
gee
12%
Haven't
12%
Hello
12%
hello
12%
island
12%
pretty
12%
same
12%
sea
12%
seen
12%
upon
12%
child
8%
flow
8%
friend
8%
knowing
8%
Open
8%
case
4%
Keeping
4%
own
4%
quit
4%
set
4%
spoiled
4%
surviving
4%
pace
0%
slow
0%
speed
0%
stealing
0%
unlucky
0%
No matching quizzes found
Score Distribution
Percent of People with Each Score
Percentile by Number Answered
Your Score History
You have not taken this quiz